El buen gusto : (Record no. 10309)

000 -CABECERA
fixed length control field 00717nam a22002057a 4500
003 - IDENTIFICADOR DEL NÚMERO DE CONTROL
control field AR-CdUCM
008 - DATOS DE LONGITUD FIJA--INFORMACIÓN GENERAL
fixed length control field 190329b ||||| |||| 00| 0 spa d
040 ## - FUENTE DE LA CATALOGACIÓN
Agencia/entidad que catalogó originalmente la obra MUNICIPALIDAD PROVINCIAL DEL CUSCO
Entidad que transcribió la catalogación BIBLIOTECA MUNICIPAL DEL CUSCO
082 ## - NÚMERO DE LA CLASIFICACIÓN DECIMAL DEWEY
No. de Clasificación 395 /
Notacion interna D87 / 1900
100 ## - ENTRADA PRINCIPAL--NOMBRE DE PERSONA
Nombre Personal Dufaux, Ermance
245 ## - MENCIÓN DE TÍTULO
Título El buen gusto :
Resto del título El trato social y en las ceremonias civiles y religiosas /
260 ## - PUBLICACIÓN, DISTRIBUCIÓN, ETC.
Lugar de publicación, distribución, etc. Paris :
Nombre de la editorial, distribuidor, etc. Garnier,
Fecha de publicación, distribución, etc. 1900.
300 ## - DESCRIPCIÓN FÍSICA
Nº de Páginas Extensión 390 páginas ;
Dimensiones 17 cm.
505 ## - NOTA DE CONTENIDO CON FORMATO
Nota de contenido formateada Contenido : El buen gusto en el trato social -- Consideraciones generales -- La morada -- La familia ...
650 ## - PUNTO DE ACCESO ADICIONAL DE MATERIA--TÉRMINO DE MATERIA
Descriptor El buen
9 (RLIN) 27102
650 ## - PUNTO DE ACCESO ADICIONAL DE MATERIA--TÉRMINO DE MATERIA
Descriptor Trato
9 (RLIN) 27103
650 ## - PUNTO DE ACCESO ADICIONAL DE MATERIA--TÉRMINO DE MATERIA
Descriptor Social
9 (RLIN) 2020
942 ## - ELEMENTOS DE PUNTO DE ACCESO ADICIONAL (KOHA)
Fuente de clasificación
Tipo de item Libros-BMC
945 ## - PROCESAMIENTO DE INFORMACIÓN LOCAL (OCLC)
Catalogador rah
Holdings
Estado de retiro (separado) Fuente de clasificación o esquema de estanterías Estado dañado Ubicación Sala donde se ubica Nombre de la colección Fecha de adquisición o compra Costo, precio normal en soles Signatura topográfica Código de Barras Última vez visto (Koha) Tipo de ítem (Koha)
No     Sala Cusco Antiguo Sala Cusco Antiguo Book Cart 2019-03-29 15.00 395 / D87 / 1900 SCA0000640 2019-03-29 Libros-BMC

Powered by Koha